Investície do transformácie energetiky ako cesta k bezuhlíkovej ekonomike diplomová práca

Saved in:
Bibliographic Details
Main Author: Valková, Ivana
Corporate Author: Národohospodárska fakulta EU. Katedra financií
Other Authors: Červeňová, Magdaléna, 1962-
Format: Book
Language:Slovak
Published: Bratislava 2024
Tags: Add Tag
No Tags, Be the first to tag this record!

MARC

LEADER 00000nbm a2200000 4500
001 0300748
005 20250609144455.3
041 0 |a slo 
044 |a SK 
245 1 0 |a Investície do transformácie energetiky ako cesta k bezuhlíkovej ekonomike  |b diplomová práca  |c Ivana Valková ; školiteľ: Magdaléna Červeňová 
264 1 |a Bratislava  |c 2024 
300 |a 75 s. 
100 1 |a Valková, Ivana 
700 1 |a Červeňová, Magdaléna, 1962- 
710 2 |a Národohospodárska fakulta EU. Katedra financií